000 00538nam a2200193Ia 4500
003 GCL
008 140319s9999 xx 000 0 eng d
040 _aGCL /
_cGCL
082 0 4 _a407.1
_bC L
100 1 _aCOLLIE, JOANNE
245 1 0 _aLITERATURE IN THE LANGUAGE CLASSROOM: A RESOURCE BOOK OF IDEAS AND ACTIVITIES /
_cCOLLIE, JOANNE
700 1 _aSLATER, S.
260 _a[S.N] :
_bCAMBRIBGE UNIVERSITY PRESS ،
_c1994
300 _a266 P
650 0 4 _aGRAMMAR
650 0 4 _aCLASSROOMS
650 0 4 _aLANGUISTICS
942 _2ddc
_cBK
999 _c19338
_d19338